000 02342cam a22005054i 4500
003 PE-LiUPU
005 20250731183438.0
008 150318s2013 pe a rb 001 0 spa d
020 _a6123040979
020 _a9786123040970
035 _a(Sirsi) i9786123040970
040 _aI8M
_bspa
_erda
_cI8M
_dOCLCO
_dPE-LiUPU
_erda
049 _aPRUA
050 4 _aTE175
_b.U26 2013
082 0 4 _a720.285
_bU26 2013
100 1 _aUgarte Contreras, Olger,
_eautor.
245 1 0 _aDiseño geométrico de carreteras con AutoCAD Civil 3D /
_cOlger Ugarte Contreras.
250 _aPrimera edición.
264 1 _aLima, Perú :
_bEditorial Macro,
_c2013
300 _a558 páginas :
_bilustraciones ;
_c25 centímetros.
300 _a1 CD-ROM.
336 _atext
_2rdacontent
337 _aunmediated
_2rdamedia
338 _avolume
_2rdacarrier
500 _a"Incluye cd multimedia" --En portada.
500 _aIncluye índice.
505 0 _aAlineamientos -- Perfiles -- Vistas de perfil -- Ensamblaje y subensamblajes -- Obras lineales básicas -- Obras lineales avanzadas -- Secciones transversales -- Lista de piezas y el constructor de piezas -- Redes de tuberías -- Producción de planos -- Renderizado y animación.
526 _aP158
526 _aP146
526 _aP17
526 _aP12
526 _aP06
541 _g0014-0001980;
630 1 8 _aAutoCAD Civil 3D (Programa para computadora).
630 2 8 _aIngeniería civil
_xProgramas para computadora.
650 2 8 _aCarreteras
_xDiseño y construcción.
650 2 8 _aProgramas para computadora.
910 _armch
_btqv
_cwelc
_d20170214
942 _2ddc
_cBOOK
949 _a720.285 U26 2013
_wDEWEY
_c1
_iFJ06777
_lCCODEBUJ1
_mBUJ
_p21.34
_r0
_sY
_tBOOK
_u2017-02-14
_xINGENIERIA
_PP25
_0COMPRA
_o.STAFF. Colección General Juliaca
994 _aC0
_bPEPRU
596 _a1 3
999 _a720.285 U26
_wDEWEY
_c54868
_i67279
_d54868
_e2017-5-22
_f2021-11-9
_g7
_lCCODEBUL1
_mBUL
_n6
_p28.00
_q3
_r0
_sY
_tBOOK
_u2015-7-6
_xINGENIERIA
_PP25
_0COMPRA
_o.STAFF. Colección General
999 _a720.285 U26 2013
_wDEWEY
_c1
_iFJ06777
_d2019-6-17
_e2018-8-24
_f2022-2-1
_g3
_lCCODEBUJ1
_mBUJ
_n5
_p21.34
_q3
_r0
_sY
_tBOOK
_u2017-2-14
_xINGENIERIA
_PP25
_0COMPRA
_o.STAFF. Colección General Juliaca
980 _81
_gALBERTO SANCHEZ Responsable de Automatización